[Event "Indywidualne Mistrzostwa Polski Juniorek - D16"]
[Site "Szczyrk"]
[Date "2013-03-22"]
[Round "7.1"]
[White "Maruszczak, Joanna"]
[Black "Harazinska, Ewa"]
[Result "1/2-1/2"]
[WhiteTitle "I++"]
[BlackTitle "k"]
[WhiteElo "1803"]
[BlackElo "2019"]

1. e4 e6 2. d4 d5 3. Nc3 Bb4 4. exd5 exd5 5. Bd3 Ne7 6. Nf3 Bf5 7. O-O O-O 8. Bxf5
Nxf5 9. Qd3 Bxc3 10. Qxf5 Bb4 11. Ng5 g6 12. Qh3 h5 13. Qb3 a5 14. Nf3 Ra6 15.
c3 Be7 16. Bd2 Rb6 17. Qc2 Re6 18. Rae1 Rxe1 19. Rxe1 Nd7 20. Ne5 Nxe5 21. Rxe5
Bf6 22. Re2 c6 23. Qd1 Re8 24. Qe1 Rxe2 25. Qxe2 Qe7 26. Qxe7 Bxe7 27. Kf1 Kf8
28. Ke2 Ke8 29. Be3 Kd7 30. Kd3 Bd8 31. Bd2 Bc7 32. h3 Bd8 33. Be3 Bc7 34. Bd2
Bd8 35. Be3 Bc7 36. Bd2 Bd8 37. Be3 1/2-1/2

[Event "Indywidualne Mistrzostwa Polski Juniorek - D16"]
[Site "Szczyrk"]
[Date "2013-03-22"]
[Round "7.2"]
[White "Jedrocha, Katarzyna"]
[Black "Wozniak, Mariola"]
[Result "0-1"]
[WhiteTitle "I"]
[BlackTitle "WCM"]
[WhiteElo "1668"]
[BlackElo "1982"]

1. e4 c5 2. c3 Nf6 3. e5 Nd5 4. d4 cxd4 5. Nf3 e6 6. cxd4 d6 7. a3 b6 8. Bd3 dxe5
9. dxe5 Nd7 10. O-O Be7 11. Re1 Bb7 12. Nd4 O-O 13. Qg4 Kh8 14. Nxe6 fxe6 15.
Qh5 Rf5 16. Bxf5 exf5 17. Qxf5 Qc7 18. b4 Rf8 19. Qh5 a5 20. Bg5 Qc2 21. f3 Qf5
22. h4 Nxe5 23. Bxe7 Qxh5 24. Bxf8 Qe8 25. Nd2 Nxf3+ 26. Nxf3 Qxf8 27. bxa5 bxa5
28. Rab1 Ba8 29. Re5 h6 30. Rbe1 Bc6 31. Re6 Qc5+ 32. Kh1 Nf4 33. R6e3 Qc2 34.
Rg1 Qf2 35. Rc3 Bxf3 36. Rxf3 Qxh4+ 37. Rh3 Nxh3 38. gxh3 Qxh3+ 0-1

[Event "Indywidualne Mistrzostwa Polski Juniorek - D16"]
[Site "Szczyrk"]
[Date "2013-03-22"]
[Round "7.3"]
[White "Rudnik, Anna"]
[Black "Kiolbasa, Oliwia"]
[Result "0-1"]
[WhiteTitle "I"]
[BlackTitle "WFM"]
[WhiteElo "1593"]
[BlackElo "1897"]

1. e4 c5 2. Nf3 e6 3. d4 cxd4 4. Nxd4 a6 5. Bd3 Nf6 6. O-O Qc7 7. c4 g6 8. Nc3
Bg7 9. Be3 d6 10. Rc1 Nbd7 11. f4 b6 12. b4 Bb7 13. g4 h5 14. h3 hxg4 15. hxg4
Rh4 16. g5 Ng4 17. Qe2 Nxe3 18. Qxe3 O-O-O 19. Nf3 Rg4+ 20. Kf2 Bxc3 21. Rxc3
e5 22. fxe5 Nxe5 23. Nxe5 dxe5 24. Ke1 Kb8 25. Rf6 Rd6 26. Rxd6 Qxd6 27. c5 Qd4
28. Qxd4 exd4 29. Rc4 bxc5 30. bxc5 Rxg5 31. c6 Bc8 32. Rxd4 Kc7 33. Bc4 Be6 34.
Bxa6 Ra5 35. Bb7 Rxa2 36. Rd2 Rxd2 37. Kxd2 Bc8 38. Ke3 Bxb7 39. cxb7 Kxb7 40.
Kd4 Kc6 41. Ke5 Kd7 42. Kf6 Ke8 43. e5 Kf8 44. e6 fxe6 45. Kxe6 Kg7 46. Ke5 Kh6
47. Kf4 Kh5 48. Kg3 Kg5 49. Kf3 Kh4 50. Kg2 Kg4 51. Kh2 Kf3 52. Kh3 g5 53. Kh2
g4 54. Kg1 Kg3 0-1

[Event "Indywidualne Mistrzostwa Polski Juniorek - D16"]
[Site "Szczyrk"]
[Date "2013-03-22"]
[Round "7.4"]
[White "Murawko, Katarzyna"]
[Black "Pastuszko, Kinga"]
[Result "1-0"]
[WhiteTitle "I++"]
[BlackTitle "k"]
[WhiteElo "1873"]
[BlackElo "1917"]

1. e4 c5 2. Nf3 d6 3. d4 cxd4 4. Nxd4 Nf6 5. Nc3 a6 6. Bg5 e6 7. Qf3 h6 8. Bh4
Be7 9. O-O-O Qc7 10. Bg3 e5 11. Nf5 Bxf5 12. Qxf5 O-O 13. f4 Nc6 14. Bd3 Nd4 15.
Qh3 Rfc8 16. Rd2 b5 17. Kb1 b4 18. Ne2 Nb5 19. Ka1 Rab8 20. fxe5 dxe5 21. Qf5
Bd6 22. Bxb5 Rxb5 23. Rxd6 Qxc2 24. Rd2 Qc7 25. Rhd1 Re8 26. Bh4 Rb6 27. Rc1 Qb7
28. Rc4 a5 29. g4 Rc6 30. Rxc6 Qxc6 31. Bxf6 gxf6 32. Qd7 Qa8 33. Ng3 1-0

[Event "Indywidualne Mistrzostwa Polski Juniorek - D16"]
[Site "Szczyrk"]
[Date "2013-03-22"]
[Round "7.5"]
[White "Dadello, Aleksandra"]
[Black "Kopica, Paulina"]
[Result "1-0"]
[WhiteTitle "I++"]
[BlackTitle "I"]
[WhiteElo "1909"]
[BlackElo "1706"]

1. e4 c5 2. Nf3 d6 3. d4 cxd4 4. Nxd4 Nf6 5. Nc3 g6 6. Be3 Bg7 7. f3 O-O 8. Bc4
Nc6 9. Qd2 Bd7 10. O-O-O Rc8 11. Bb3 Ne5 12. h4 h5 13. Kb1 Nc4 14. Bxc4 Rxc4 15.
g4 Qb8 16. Nd5 Nxd5 17. exd5 Qc7 18. gxh5 Rc8 19. hxg6 fxg6 20. c3 b5 21. Rhg1
Bxd4 22. Bxd4 Bf5+ 23. Ka1 b4 24. Qh6 Kf7 25. Rxg6 Bxg6 26. Qg7+ Ke8 27. Qxg6+
Kd8 28. Qg8+ Kd7 29. Qe6+ Kd8 30. Rg1 Qb7 31. Rg8+ Kc7 32. Rxc8+ Qxc8 33. Qxc8+
Kxc8 34. h5 bxc3 35. bxc3 Kd7 36. h6 e5 37. dxe6+ Kxe6 38. h7 Rc8 39. h8=Q Rxh8
40. Bxh8 Kf5 41. Bd4 Kf4 42. Bxa7 Kxf3 43. Kb2 Ke4 44. Kb3 Kd5 45. a4 Kc6 46.
Kb4 Kb7 47. Bd4 Kc6 48. a5 Kb7 49. Kb5 Kc7 50. a6 Kb8 51. Kc6 1-0

[Event "Indywidualne Mistrzostwa Polski Juniorek - D16"]
[Site "Szczyrk"]
[Date "2013-03-22"]
[Round "7.6"]
[White "Kozaczynska, Aleksandra"]
[Black "Gora, Antonina"]
[Result "0-1"]
[WhiteTitle "I"]
[BlackTitle "I++"]
[WhiteElo "1552"]
[BlackElo "1831"]

1. e4 c5 2. Nf3 d6 3. d4 cxd4 4. Nxd4 Nf6 5. Nc3 a6 6. Bg5 e6 7. f4 Be7 8. Qf3
Qc7 9. O-O-O O-O 10. g4 Nc6 11. Nde2 Bd7 12. Bxf6 Bxf6 13. g5 Be7 14. h4 f6 15.
Qh5 b5 16. Nd4 b4 17. Nce2 Rfc8 18. Bh3 f5 19. Rh2 b3 20. Nxb3 Ne5 21. Ned4 Ng4
22. Nxf5 exf5 23. exf5 Nxh2 24. Rd2 d5 25. g6 h6 26. f6 Bxf6 27. Qxd5+ Kh8 28.
Bxd7 Rd8 29. Qe4 Rab8 30. Rxh2 Qxd7 31. Qf3 Qf5 32. h5 a5 33. a4 Rb4 34. Qe3 Rxf4
35. Nd2 Rf1+ 36. Nxf1 Qxf1+ 0-1

[Event "Indywidualne Mistrzostwa Polski Juniorek - D16"]
[Site "Szczyrk"]
[Date "2013-03-22"]
[Round "7.7"]
[White "Lascar, Radoslawa"]
[Black "Wilk, Oktawia"]
[Result "1-0"]
[WhiteTitle "I"]
[BlackTitle "I"]
[WhiteElo "1728"]
[BlackElo "1506"]

1. e4 e6 2. d4 d5 3. Nd2 dxe4 4. Nxe4 Nf6 5. Bd3 Nc6 6. c3 Be7 7. Ne2 e5 8. O-O
O-O 9. Be3 Be6 10. h3 Qd7 11. Ng5 Rad8 12. Nxe6 Qxe6 13. Qc2 e4 14. Bb5 a6 15.
Bxc6 Qxc6 16. Ng3 Rfe8 17. Rfe1 h6 18. Qb3 b5 19. Rac1 Bd6 20. Nf5 Qd5 21. Nxd6
Qxb3 22. axb3 Rxd6 23. c4 c6 24. Ra1 Ra8 25. Ra5 Ne8 26. Rea1 g5 27. Rxa6 Rxa6
28. Rxa6 f5 29. g3 Nc7 30. Rb6 Rg6 31. Kf1 Kh7 32. Bd2 Ne6 33. Bc3 Nc7 34. Rb7
Rg7 35. d5 Rd7 36. Ba5 cxd5 37. Rxc7 Rxc7 38. Bxc7 bxc4 39. bxc4 dxc4 40. Ke2
Kg6 41. Kd2 h5 42. h4 gxh4 43. gxh4 Kf7 44. Kc3 Ke6 45. Kxc4 Kd7 46. Bf4 Kc6 47.
b4 Kb6 48. b5 Ka5 49. Bc7+ Ka4 50. b6 Ka3 51. b7 1-0

[Event "Indywidualne Mistrzostwa Polski Juniorek - D16"]
[Site "Szczyrk"]
[Date "2013-03-22"]
[Round "7.8"]
[White "Ziemba, Magdalena"]
[Black "Burakowska, Gabriela"]
[Result "0-1"]
[WhiteTitle "I"]
[BlackTitle "I"]
[WhiteElo "1537"]
[BlackElo "1648"]

1. d4 Nf6 2. c4 e6 3. Nc3 d5 4. cxd5 exd5 5. Bg5 Be7 6. e3 O-O 7. Bd3 h6 8. Bf4
c5 9. Nf3 Nc6 10. O-O Bg4 11. dxc5 Bxc5 12. Na4 Bd6 13. Bxd6 Qxd6 14. Be2 Rfd8
15. Nd4 Bxe2 16. Nxe2 Qb4 17. a3 Qh4 18. Nd4 Nxd4 19. Qxd4 Qxd4 20. exd4 Rac8
21. Rac1 Rc4 22. Rxc4 dxc4 23. Rd1 Kf8 24. Nc3 Nd5 25. Ne2 Re8 26. Kf1 Re6 27.
Rc1 b5 28. a4 a6 29. axb5 axb5 30. Nc3 Nxc3 31. bxc3 Ke7 32. Rb1 Rb6 33. Ke2 Kd6
34. Kd2 Kd5 35. Rb4 Rb8 36. Ke3 Re8+ 37. Kd2 Kc6 38. Rb1 Ra8 39. Rb2 Ra3 40. Kc2
f5 41. f3 g5 42. Kd2 Ra1 43. Rc2 f4 44. Ke2 Ra3 45. Kd2 h5 46. Ke2 h4 47. h3 Ra1
48. Kf2 Ra3 49. Ke2 Kd5 50. Kd2 b4 51. cxb4 Kxd4 52. Kc1 c3 53. Kb1 Rb3+ 0-1

[Event "Indywidualne Mistrzostwa Polski Juniorek - D16"]
[Site "Szczyrk"]
[Date "2013-03-22"]
[Round "7.9"]
[White "Wojna, Ewelina"]
[Black "Bebnik, Malgorzata"]
[Result "0-1"]
[WhiteTitle "II+"]
[BlackTitle "II+"]
[WhiteElo "1572"]
[BlackElo "1503"]

1. d4 d5 2. Nf3 c6 3. c4 e6 4. Nc3 Nf6 5. Qc2 Be7 6. Bf4 Nbd7 7. e3 O-O 8. h3 dxc4
9. Bxc4 b5 10. Bd3 Bb7 11. O-O a6 12. Rfd1 Rc8 13. Ne5 h6 14. Qe2 Nd5 15. Bh2
Bd6 16. Rac1 Qe7 17. Bb1 c5 18. Nxd7 Bxh2+ 19. Kxh2 Qxd7 20. Qd3 Nf6 21. Qe2 b4
22. dxc5 Qc7+ 23. Kg1 bxc3 24. Rxc3 Rfd8 25. Rdc1 Qc6 26. f3 Rd7 27. e4 Rcd8 28.
Bd3 Nh5 29. Qe3 a5 30. Rb3 e5 31. Kh2 Nf4 32. Bb5 Qg6 33. Rc2 Rc7 34. Qc3 Qg5
35. c6 Nh5 36. Bf1 Ba8 37. Rb6 Kh7 38. Qxa5 Qf4+ 39. Kg1 Qe3+ 40. Kh2 Qf4+ 41.
Kg1 Rd1 42. Kf2 Ng3 43. Bd3 Rxd3 44. Qxa8 Nh1+ 45. Kf1 Qe3 46. g4 Qxf3+ 47. Kg1
Rd1+ 48. Kh2 Qg3+ 0-1

[Event "Indywidualne Mistrzostwa Polski Juniorek - D16"]
[Site "Szczyrk"]
[Date "2013-03-22"]
[Round "7.10"]
[White "Szablicka, Magda"]
[Black "Czaplewska, Klara"]
[Result "0-1"]
[WhiteTitle "II"]
[BlackTitle "I++"]
[WhiteElo "1451"]
[BlackElo "1730"]

1. e4 e5 2. Nf3 Nc6 3. Bc4 Bc5 4. O-O Nf6 5. d4 Bxd4 6. Nxd4 Nxd4 7. Bg5 d6 8.
f4 Bg4 9. Bxf6 Bxd1 10. Bxd8 Rxd8 11. Rxd1 Nxc2 12. Bb3 Nxa1 13. Ba4+ c6 14. Nc3
b5 15. Bxb5 cxb5 16. Rxa1 a6 17. f5 Rc8 18. Rd1 Kd7 19. Rd2 Rc4 20. Re2 g6 21.
g4 h5 22. Nd5 Kc6 23. Ne7+ Kc5 24. fxg6 fxg6 25. Nxg6 Rh6 26. gxh5 Rxh5 27. Nf8
d5 28. Ne6+ Kd6 29. exd5 Kxd5 30. Nd8 e4 31. Rd2+ Rd4 32. Rc2 e3 33. Re2 Rg5+
34. Kf1 Rf4+ 0-1

[Event "Indywidualne Mistrzostwa Polski Juniorek - D16"]
[Site "Szczyrk"]
[Date "2013-03-22"]
[Round "7.11"]
[White "Sokolowska, Anna"]
[Black "Binkowska, Agata"]
[Result "1/2-1/2"]
[WhiteTitle "I"]
[BlackTitle "I"]
[WhiteElo "1526"]
[BlackElo "1637"]

1. e4 e6 2. d4 d5 3. e5 c5 4. c3 Nc6 5. Nf3 Qb6 6. a3 Bd7 7. b4 cxb4 8. cxb4 Rc8
9. Be3 Nge7 10. Nbd2 Nf5 11. Nb3 Be7 12. Bd3 O-O 13. O-O f6 14. Nc5 Qc7 15. Bxf5
Bxc5 16. Bxh7+ Kxh7 17. bxc5 Qd8 18. exf6 Qxf6 19. Ng5+ Kg8 20. Qh5 Rfd8 21. Qh7+
Kf8 22. Nf3 Qf5 23. Qxf5+ exf5 24. Rab1 Na5 25. Ne5 Bc6 26. Rfe1 Nc4 27. Nxc4
dxc4 28. Rbc1 Bd5 29. Bf4 Re8 30. Be5 Kf7 31. Re3 Re6 32. Rg3 g6 33. Re3 g5 34.
f4 gxf4 35. Bxf4 Rg8 36. g3 Rxe3 37. Bxe3 Re8 38. Kf2 Kg6 39. h3 Rh8 40. h4 Kh5
41. Bf4 Kg4 42. Be5 Re8 43. Ke3 Rg8 44. Kd2 Rg6 45. Kc3 Ra6 46. Kb4 Be6 47. a4
Rc6 48. a5 a6 49. Rd1 Bd5 50. Rf1 Be4 51. Kc3 Bd3 52. Rf2 Re6 53. Rb2 Re7 54.
Rb6 Kh5 55. Rf6 Rh7 56. d5 Re7 57. Re6 Rxe6 58. dxe6 Kg6 59. Kd4 f4 60. Bxf4 Kf6
61. Kd5 Ke7 62. Bg5+ Ke8 63. e7 Be2 64. Kd6 c3 65. Be3 c2 66. Bd2 Bf3 67. Ke6
Bg4+ 68. Kf6 Be2 69. Bg5 Bh5 70. Ke5 Bf3 71. Kd6 Be2 72. c6 bxc6 73. Kxc6 c1=Q+
74. Bxc1 Kxe7 75. Kd5 Kf6 76. Ke4 Kg6 77. Bf4 Kh5 78. Kf5 Bf3 79. Bg5 Be2 80.
Kf4 Bd1 81. Ke5 Be2 82. Kd5 Bf3+ 83. Kd4 1/2-1/2

[Event "Indywidualne Mistrzostwa Polski Juniorek - D16"]
[Site "Szczyrk"]
[Date "2013-03-22"]
[Round "7.12"]
[White "Skrzypczak, Edyta"]
[Black "Burdzy, Joanna"]
[Result "1/2-1/2"]
[WhiteTitle "II+"]
[BlackTitle "I"]
[WhiteElo "1526"]
[BlackElo "1529"]

1. e4 e5 2. Nf3 Nc6 3. Bc4 Bc5 4. O-O Nf6 5. d4 Bxd4 6. Nxd4 Nxd4 7. f4 d6 8. c3
Nc6 9. f5 Qe7 10. Bg5 h6 11. Bh4 Rf8 12. Nd2 g5 13. fxg6 fxg6 14. Bxf6 Rxf6 15.
Rxf6 Qxf6 16. Qb3 Ne7 17. Rf1 Qh8 18. Bb5+ c6 19. Qf7+ Kd8 20. Bc4 Bd7 21. Be6
Qe8 22. Qg7 Kc7 23. Rf7 Qh8 24. Rxe7 Qxg7 25. Rxg7 Rd8 26. Rxd7+ Rxd7 27. Bxd7
Kxd7 28. Kf2 Ke6 29. Ke3 d5 30. Nb3 b6 31. Nd2 g5 32. g4 Kd6 33. Nf3 Ke6 34. h4
Kf6 35. hxg5+ hxg5 36. b3 b5 37. Kd3 a6 38. a3 a5 39. c4 bxc4+ 40. bxc4 d4 41.
c5 a4 42. Nxd4 exd4 43. Kxd4 Ke6 44. e5 Ke7 45. Ke3 Kf7 46. Kf3 Ke7 47. Ke4 Ke6
48. Kd4 Kd7 49. Kc4 Ke6 50. Kb4 Kxe5 51. Kxa4 Kf4 52. Kb4 Kxg4 53. a4 Kf4 54.
a5 g4 55. a6 g3 56. a7 g2 57. a8=Q g1=Q 58. Qf8+ Ke4 59. Qe7+ Kd3 60. Qd6+ Qd4+
61. Ka5 Kc4 62. Qxd4+ Kxd4 63. Kb4 Kd5 64. Kb3 Kxc5 65. Kc3 Kb5 66. Kb3 1/2-1/2

[Event "Indywidualne Mistrzostwa Polski Juniorek - D16"]
[Site "Szczyrk"]
[Date "2013-03-22"]
[Round "7.13"]
[White "Jaskiewicz, Kamila"]
[Black "Wicikowska, Agata"]
[Result "1-0"]
[WhiteTitle "I"]
[BlackTitle "I"]
[WhiteElo "1663"]
[BlackElo "1495"]

1. Nf3 d5 2. c4 e6 3. g3 f5 4. Bg2 Nf6 5. O-O Be7 6. d3 O-O 7. a3 Qe8 8. Nc3 c6
9. b4 h6 10. Qc2 g5 11. e4 Nbd7 12. Nd4 Ne5 13. exd5 exd5 14. cxd5 cxd5 15. Nxd5
Bd6 16. f4 Neg4 17. h3 Be6 18. Re1 Qc8 19. Qxc8 Bxc8 20. hxg4 Nxg4 21. Nb5 Bb8
22. Ne7+ Kf7 23. Nxc8 Rxc8 24. Bxb7 1-0

[Event "Indywidualne Mistrzostwa Polski Juniorek - D16"]
[Site "Szczyrk"]
[Date "2013-03-22"]
[Round "7.14"]
[White "Kasperek, Kinga"]
[Black "Szczesniak, Zuzanna"]
[Result "1-0"]
[WhiteTitle "I"]
[BlackTitle "II"]
[WhiteElo "1558"]
[BlackElo "1421"]

1. c4 c5 2. Nc3 Nc6 3. g3 g6 4. Bg2 Bg7 5. e3 e6 6. Nge2 Nge7 7. O-O O-O 8. d4
cxd4 9. Nxd4 Nxd4 10. exd4 d5 11. cxd5 Nxd5 12. Nxd5 exd5 13. Qb3 Bxd4 14. Bxd5
Qb6 15. Qxb6 Bxb6 16. Bh6 Rd8 17. Bg2 Bd4 18. Rad1 Be6 19. b3 Rd7 20. Bxb7 Bxf2+
21. Kxf2 Rxb7 22. Rd2 f6 23. Kg1 f5 24. Rd6 Kf7 25. Re1 Re8 26. Red1 Rb5 27. Ra6
Rb7 28. Kf2 Rc7 29. Rd2 Bc8 30. Rad6 Rc5 31. Be3 Rce5 32. Bxa7 h5 33. Bd4 R5e6
34. Bc3 g5 35. b4 Ba6 36. Rxe6 Rxe6 37. a4 Rb6 38. Rd5 Kg6 39. b5 Bb7 40. Re5
Be4 41. a5 Rd6 42. a6 Rd3 43. a7 Ba8 44. Rc5 Rd7 45. b6 1-0

[Event "Indywidualne Mistrzostwa Polski Juniorek - D16"]
[Site "Szczyrk"]
[Date "2013-03-22"]
[Round "7.15"]
[White "Lapa, Aleksandra"]
[Black "Rynkiewicz, Natalia"]
[Result "1/2-1/2"]
[WhiteTitle "I"]
[BlackTitle "II"]
[WhiteElo "1549"]
[BlackElo "1357"]

1. c4 e5 2. Nc3 Bb4 3. Nd5 a5 4. Nxb4 axb4 5. b3 d6 6. Bb2 Nc6 7. d3 Nge7 8. g3
O-O 9. Bg2 Be6 10. e3 Qd7 11. Qd2 Rfd8 12. d4 exd4 13. exd4 d5 14. c5 Ra7 15.
a4 bxa3 16. Rxa3 Rxa3 17. Bxa3 Ra8 18. Bc1 Na5 19. Qc3 Qb5 20. b4 Nac6 21. Bd2
Ra4 22. Ne2 Rxb4 23. Bf1 Rb1+ 24. Nc1 Qb4 25. Qxb4 Nxb4 26. Kd1 Bg4+ 27. Be2 Bxe2+
28. Kxe2 Nf5 29. Bc3 Na2 30. Kd2 f6 31. Re1 Kf7 32. Nd3 Nxc3 33. Kxc3 Rxe1 34.
Nxe1 Ke7 35. Nd3 g5 36. f4 h6 37. Nb4 c6 38. Nd3 Kd7 39. Nf2 gxf4 40. gxf4 h5
41. Kd3 Kc7 42. Kc3 b6 43. Nd3 bxc5 44. Nxc5 Kd6 45. Nb3 Nh4 46. Nc5 Nf3 47. h3
Ng1 48. Kd3 Nxh3 49. Ke3 h4 50. Kf3 Ke7 51. Nd3 Ke6 52. Kg2 Ng5 53. fxg5 fxg5
54. Kh3 Kf5 55. Nb4 g4+ 56. Kxh4 Kf4 57. Nd3+ Ke4 58. Ne5 c5 59. dxc5 Kxe5 60.
Kxg4 d4 61. c6 Kd6 62. c7 Kxc7 63. Kf3 Kc6 64. Ke4 Kc5 65. Kd3 Kd5 66. Kd2 Ke4
67. Ke2 d3+ 68. Kd2 Kd4 69. Kd1 Kd5 70. Kd2 1/2-1/2

[Event "Indywidualne Mistrzostwa Polski Juniorek - D16"]
[Site "Szczyrk"]
[Date "2013-03-22"]
[Round "7.16"]
[White "Rogacka, Natalia"]
[Black "Kotula, Magdalena"]
[Result "1-0"]
[WhiteTitle "II+"]
[BlackTitle "I"]
[WhiteElo "1484"]
[BlackElo "1520"]

1. e4 c5 2. Nf3 Nc6 3. d4 cxd4 4. Nxd4 Nf6 5. Nc3 e5 6. Ndb5 d6 7. Bg5 a6 8. Na3
b5 9. Nd5 Be7 10. Bxf6 Bxf6 11. c3 Bg5 12. Nc2 O-O 13. a4 bxa4 14. Rxa4 a5 15.
Bc4 Rb8 16. b3 Kh8 17. O-O f5 18. exf5 Bxf5 19. Nce3 Bg6 20. Qe2 e4 21. Rfa1 Bh4
22. Nd1 Ne5 23. Rxa5 Nf3+ 24. Kh1 Qe8 25. R5a2 Bh5 26. Qf1 Qe5 27. g3 Bg4 28.
N1e3 Bd7 29. Qg2 Bd8 30. b4 Qh5 31. Nf4 Rxf4 32. gxf4 Bh3 33. Qg3 Bd7 34. Ra8
Bc7 35. Nd5 Bc6 36. Nxc7 Bxa8 37. Rxa8 Rxa8 38. Nxa8 d5 39. Be2 Qe8 40. Nc7 Qc6
41. Nb5 d4 42. Nxd4 Nxd4 43. cxd4 e3+ 44. Qf3 Qc1+ 45. Kg2 exf2 46. Qa8+ 1-0

[Event "Indywidualne Mistrzostwa Polski Juniorek - D16"]
[Site "Szczyrk"]
[Date "2013-03-22"]
[Round "7.17"]
[White "Mielczarek, Joanna"]
[Black "Bebel, Agnieszka"]
[Result "0-1"]
[WhiteTitle "I"]
[BlackTitle "II+"]
[WhiteElo "1470"]
[BlackElo "1507"]

1. e4 e5 2. Nf3 Nc6 3. Bb5 Nf6 4. O-O Bc5 5. c3 Bb6 6. Bxc6 bxc6 7. Nxe5 Qe7 8.
Nc4 O-O 9. e5 Nd5 10. Nxb6 cxb6 11. d4 Ba6 12. Re1 d6 13. Nd2 f5 14. Nf3 f4 15.
Qc2 Rad8 16. exd6 Qxd6 17. Ng5 Nf6 18. Re6 Qd5 19. Bxf4 h6 20. Re5 hxg5 21. Rxd5
Rxd5 22. Be3 g4 23. Qg6 Bc8 24. Bh6 Rd7 25. Re1 Rdf7 26. Bg5 Nd5 27. Re2 Bd7 28.
Bh4 Nf4 29. Qe4 Nxe2+ 30. Qxe2 Re8 31. Qd1 Be6 32. a3 Bb3 33. Qd2 Bc4 34. Qc1
Re2 35. h3 gxh3 36. gxh3 Be6 37. Kg2 Bd5+ 38. Kg1 Rf8 39. Bg3 Rfe8 40. f4 Rg2+
41. Kf1 Rxg3 42. c4 Rf3+ 43. Kg1 Be4 44. c5 Rxh3 45. Qc4+ Bd5 46. Qa6 Rb3 47.
Qf1 Rxb2 48. Qc1 Ree2 0-1

[Event "Indywidualne Mistrzostwa Polski Juniorek - D16"]
[Site "Szczyrk"]
[Date "2013-03-22"]
[Round "7.18"]
[White "Ostrowska, Joanna"]
[Black "Fraczek, Weronika"]
[Result "1-0"]
[WhiteTitle "II+"]
[BlackTitle "II+"]
[WhiteElo "1541"]
[BlackElo "1435"]

1. e4 e6 2. d4 d5 3. exd5 exd5 4. Nf3 Bd6 5. c4 c6 6. Nc3 Nf6 7. h3 h6 8. Be3 Be6
9. c5 Bc7 10. Bd3 Qc8 11. Qc2 Nh5 12. Ne2 Nd7 13. g4 Nhf6 14. Nd2 Qb8 15. f4 Bxg4
16. hxg4 Nxg4 17. Rh3 Kf8 18. O-O-O Nxe3 19. Rxe3 Bxf4 20. Rf3 Bg5 21. Ng3 Bf6
22. Nb3 Qc7 23. Qg2 Bg5+ 24. Kb1 Re8 25. Rdf1 Nf6 26. Qh3 Re3 27. Nf5 Rxf3 28.
Qxf3 g6 29. Nd6 Kg7 30. Qg3 Qd7 31. Qe5 Qh3 32. Be2 Qd7 33. Nd2 Qe6 34. Nf3 Qxe5
35. dxe5 Nh7 36. Nxf7 Re8 37. Nd6 Re7 38. Bd3 Be3 39. b4 b6 40. Nh4 Re6 41. Rf7+
Kg8 42. Bxg6 Nf8 43. Bf5 Rxd6 44. Rxf8+ Kxf8 45. cxd6 Bg5 46. Ng6+ Ke8 47. e6
Kd8 48. Ne5 Ke8 49. Nxc6 1-0

[Event "Indywidualne Mistrzostwa Polski Juniorek - D16"]
[Site "Szczyrk"]
[Date "2013-03-22"]
[Round "7.19"]
[White "Rolka, Anna"]
[Black "Rudol, Matylda"]
[Result "1-0"]
[WhiteTitle "II"]
[BlackTitle "II+"]
[WhiteElo "1491"]
[BlackElo "1510"]

1. d4 d5 2. Nf3 Nf6 3. e3 e6 4. Bd3 c5 5. b3 Nc6 6. O-O cxd4 7. exd4 Bd6 8. Bb2
O-O 9. Nbd2 Qc7 10. Re1 Nd7 11. c4 dxc4 12. Nxc4 Be7 13. Rc1 Qb8 14. Nce5 Ncxe5
15. Nxe5 Nxe5 16. dxe5 Rd8 17. Re3 h6 18. Rh3 b5 19. Qg4 Qb6 20. Qe4 Rxd3 21.
Rxd3 Bb7 22. Qd4 Qa6 23. Ra1 Qc6 24. Rg3 Rd8 25. Qc3 Qb6 26. Rd3 Rc8 27. Qd2 Bg5
28. Qe2 Be7 29. Bd4 Qc6 30. f3 b4 31. Bxa7 Qa6 32. Be3 Qa8 33. Qd1 Bd5 34. Rd2
Rc3 35. Bd4 Rc8 36. Rc2 Rd8 37. Rd2 Bg5 38. Rd3 Rb8 39. Be3 Be7 40. Rd2 Rd8 41.
Rc1 Qb8 42. f4 Qb7 43. Qe2 f6 44. exf6 Bxf6 45. Bd4 Rf8 46. Bxf6 Rxf6 47. g3 Qa7+
48. Qf2 Qf7 49. Qd4 Qh5 50. Rc8+ Kh7 51. Qd3+ Rf5 52. Rb8 Qf3 53. Qxf3 Bxf3 54.
Rxb4 Rc5 55. Rc4 Ra5 56. Kf2 Bd5 57. Rcd4 Rb5 58. b4 1-0

[Event "Indywidualne Mistrzostwa Polski Juniorek - D16"]
[Site "Szczyrk"]
[Date "2013-03-22"]
[Round "7.20"]
[White "Swiech, Zuzanna"]
[Black "Leszczewska, Edyta"]
[Result "0-1"]
[WhiteTitle "II"]
[BlackTitle "II"]
[WhiteElo "1481"]
[BlackElo "1389"]

1. e4 e5 2. Nf3 Nc6 3. d4 exd4 4. Nxd4 Bc5 5. Be3 Qf6 6. c3 Nge7 7. Nc2 Bxe3 8.
Nxe3 d6 9. Be2 Be6 10. Nd2 O-O-O 11. Qc2 d5 12. O-O h5 13. Nf3 g5 14. exd5 Nxd5
15. Nxd5 Bxd5 16. b4 g4 17. Nd2 Qf4 18. b5 Ne5 19. Rad1 h4 20. c4 Nf3+ 21. Nxf3
Bxf3 22. gxf3 gxf3 23. Rxd8+ Rxd8 24. Bxf3 Rg8+ 25. Bg2 Qf3 26. Rd1 Qxg2# 0-1

[Event "Indywidualne Mistrzostwa Polski Juniorek - D16"]
[Site "Szczyrk"]
[Date "2013-03-22"]
[Round "7.21"]
[White "Rylska, Kamila"]
[Black "Kowacz, Agnieszka"]
[Result "1-0"]
[WhiteTitle "II"]
[BlackTitle "II"]
[WhiteElo "1348"]
[BlackElo "1378"]

1. e4 e6 2. d4 d5 3. exd5 exd5 4. Nf3 c6 5. Bd3 Nf6 6. O-O Bd6 7. Bg5 O-O 8. h3
Be6 9. Nbd2 Nbd7 10. c4 h6 11. Bh4 Re8 12. c5 Bc7 13. Re1 Nf8 14. Qc2 Ba5 15.
a3 Bxd2 16. Nxd2 N8d7 17. Nf3 a5 18. b4 Qc7 19. Bg3 Qc8 20. Ne5 Nxe5 21. Bxe5
Nd7 22. Bf4 Nf6 23. Qd2 axb4 24. Bxh6 Bf5 25. Qg5 Rxe1+ 26. Rxe1 Bg6 27. Bxg6
fxg6 28. Qxg6 Qf8 29. axb4 Ne4 30. f3 Nc3 31. Re5 Qf7 32. Qxf7+ Kxf7 33. Bd2 Nb5
34. Rf5+ Ke6 35. Rg5 Kf6 36. Rg4 Ra2 37. Be1 Na3 38. Bg3 g6 39. Bh4+ Kf7 40. Rf4+
Kg7 41. Bf6+ Kg8 42. g4 Nc2 43. Be5 Ra7 44. h4 Nxb4 45. Rf6 Nd3 46. Rxg6+ Kf7
47. Rg5 Ra1+ 48. Kg2 Ra2+ 49. Kg3 Rb2 50. h5 Ne1 51. h6 Rg2+ 52. Kf4 Rh2 53. Rg7+
Ke6 54. h7 Rh3 55. Rg6+ Kf7 56. Rg7+ Ke6 57. Rxb7 Rxf3+ 58. Kg5 Rh3 59. h8=Q Nf3+
60. Kf4 Rxh8 61. Bxh8 Nxd4 62. Rc7 Ne2+ 63. Ke3 Nd4 64. g5 Nf5+ 65. Kf4 d4 66.
Rxc6+ Kd5 67. Kxf5 Kxc6 68. Bxd4 1-0